书目信息 |
| 题名: |
2017考研英语 ( 一 ) 真题超精读
|
|
| 作者: | 陈正康 主编 | |
| 分册: | 第二分册 文章逐句超精读 | |
| 出版信息: | 北京 中国政法大学出版社 2016 |
|
| 页数: | 146页 | |
| 开本: | 28cm | |
| 丛书名: | ||
| 单 册: | ||
| 中图分类: | H319.6 | |
| 科图分类: | ||
| 主题词: | 英语 | |
| 电子资源: | ||
| ISBN: | 978-7-5620-6736-8 | |
| 000 | 00683nam0 2200205 450 | |
| 001 | 1940463038 | |
| 005 | 20191121111556.80 | |
| 010 | @a978-7-5620-6736-8@dCNY12.26 | |
| 100 | @a20191121d2016 km y0chiy0120 ea | |
| 101 | 0 | @achi |
| 102 | @aCN@b110000 | |
| 200 | 1 | @a2017考研英语 ( 一 ) 真题超精读@A2017 kao yan ying yu(yi)zhen ti chao jing du@h第二分册@i文章逐句超精读@f陈正康主编@Fchen zheng kang zhu bian |
| 210 | @a北京@c中国政法大学出版社@d2016 | |
| 215 | @a146页@d28cm | |
| 517 | 1 | @a文章逐句超精读@Awen zhang zhu ju chao jing du |
| 606 | 0 | @a英语 |
| 690 | @aH319.6@v4 | |
| 701 | 0 | @a陈正康@Achen zheng kang@4主编 |
| 801 | 0 | @aCN@bMUSE@c20191121 |
| 905 | @aMUSE@dH319.6@eC6532:2 | |
| 2017考研英语 ( 一 ) 真题超精读.第二分册.文章逐句超精读/陈正康主编.-北京:中国政法大学出版社,2016 |
| 146页;28cm |
| ISBN 978-7-5620-6736-8:CNY12.26 |
| ● |
| 相关链接 |
|
|
|
正题名:2017考研英语 ( 一 ) 真题超精读
索取号:H319.6/C6532:2
 
预约/预借
| 序号 | 登录号 | 条形码 | 馆藏地/架位号 | 状态 | 备注 |
| 1 | 0386443 | 203864434 | 语言库209/209语言库 57排1列2层/ [索取号:H319.6/C6532:2] | 在馆 |